| 000 | 00979nam a2200265 i 4500 | ||
|---|---|---|---|
| 001 | bg | ||
| 245 | 0 | 0 |
_aPedagogika wobec przemian i reform oświatowych / _cred. nauk. Grażyna Miłkowska-Olejniczak, Kazimierz Uździcki ; Wyższa Szkoła Pedagigiczna im. Tadeusza Kotarbińskiego. |
| 260 |
_aZielona Góra : _bWSP, _c2000. |
||
| 300 |
_a549, [5] s. : _b1 fot.kolor., rys. ; _c24 cm. |
||
| 504 | _aBibliogr. przy ref. | ||
| 600 | 1 | 9 | _aJakowicka, Maria (1929- ) |
| 650 | 9 | _aPedagogika | |
| 655 | _aMateriały konferencyjne | ||
| 700 | 1 | _aMIŁKOWSKA-Olejniczak, Grażyna | |
| 700 | 1 | _aUŹDZICKI, Kazimierz | |
| 710 | 0 | _aWyższa Szkoła Pedagogiczna (Zielona Góra) | |
| 020 | _a8372680094 | ||
| 040 | _cBPK | ||
| 041 | 0 | _apl | |
| 080 | _a37(061) | ||
| 920 | _a83-7268-009-4 | ||
| 942 | _cKS | ||
| 008 | s pl f |000 0 pol | ||
| 999 |
_c40476 _d40476 |
||
| 856 |
_uhttp://koha.tu.koszalin.pl/cgi-bin/koha/opac-detail.pl?biblionumber=40476 _yKatalog online BPK |
||